Groups of Things - Dragon Ball - Statistics

General Stats
  • This quiz has been taken 730 times
    697 since last reset
  • The average score is 36 of 42
Answer Stats
Category Answer % Correct
Main Z Fighters Goku
100%
World Martial Arts Tournament Champions Goku
100%
Pure-Blood Saiyans Kakarot
100%
Pure-Blood Saiyan King Vegeta
100%
Pure-Blood Saiyans Vegeta
100%
Main Z Fighters Vegeta
100%
Main Dragon Ball Z Villains Cell
95%
Main DBZ Sagas Cell Saga
95%
Main Dragon Ball Z Villains Frieza
94%
Main DBZ Sagas Frieza Saga
94%
Main Z Fighters Gohan
94%
Main Dragon Ball Z Villains Majin Buu
94%
Main DBZ Sagas Majin Buu Saga
94%
Main Z Fighters Krillin
91%
Main Z Fighters Piccolo
90%
Main Z Fighters Tien
90%
World Martial Arts Tournament Champions Tien
90%
Pure-Blood Saiyans Bardock
89%
Ginyu Force Members Captain Ginyu
89%
Main Z Fighters Trunks
87%
Main Z Fighters Yamcha
87%
Dragon Ball Shows Dragon Ball
86%
World Martial Arts Tournament Champions Jackie Chun
86%
Pure-Blood Saiyans Raditz
86%
Dragon Ball Shows Dragon Ball Z
85%
Pure-Blood Saiyans Nappa
85%
Main DBZ Sagas Saiyan Saga
85%
Main DBZ Sagas Androids Saga
84%
Dragon Ball Shows Dragon Ball Super
84%
Main Z Fighters Goten
83%
Pure-Blood Saiyans Broly
82%
Dragon Ball Shows Dragon Ball GT
82%
Ginyu Force Members Guldo
77%
Ginyu Force Members Recoome
76%
Ginyu Force Members Burter
75%
Ginyu Force Members Jeice
75%
World Martial Arts Tournament Champions Mr. Satan
68%
Main Z Fighters Chiaotzu
64%
Pure-Blood Saiyans Paragus
60%
Pure-Blood Saiyans Turles
57%
Pure-Blood Saiyans Tarble
53%
Dragon Ball Shows Dragon Ball Z Kai
50%
No matching quizzes found
Score Distribution
Percent of People with Each Score
Percentile by Number Answered
Your Score History
You have not taken this quiz since the last reset